Els Consells de Joventut : Recull de textos i documents / recull fet per el Secretariat del C.N.J.C Recull de textos i documents / recull fet per el Secretariat del C.N.J.C
Descripción Física:
55 p. ; 21 cm
Materias:
Joves -- Associacions i clubs
MARC
| LEADER | 00000nam a2200000Ia 4500 | ||
|---|---|---|---|
| 001 | 1441 | ||
| 008 | 160829s1981 xx 000 0 cat d | ||
| 080 | |a S-1-131 | ||
| 100 | |a Consell Nacional de la Joventut de Catalunya |9 22369 | ||
| 245 | |a Els Consells de Joventut : |b Recull de textos i documents / recull fet per el Secretariat del C.N.J.C | ||
| 260 | |a Barcelona : |b Generalitat de Catalunya. Departament de la Presidència, |c 1981 | ||
| 300 | |a 55 p. ; |c 21 cm | ||
| 490 | |a Publicacions del Consell Nacional de la Joventut de Catalunya ; 1 | ||
| 650 | 0 | |a Joves |x Associacions i clubs |9 56129 | |
| 710 | |a Catalunya. |b Departament de la Presidència |9 10777 | ||
| 901 | |a Arxiu | ||
| 942 | |n 1 | ||
| 952 | |0 0 |1 0 |4 0 |6 S1131 |7 1 |9 42189 |a Arxiu |b Arxiu |d 2016-12-01 |l 0 |o S-1-131 |p 1441 |r 2016-12-01 00:00:00 |w 2016-12-01 |y ARXIU | ||
| 999 | |c 44636 |d 44636 | ||